町村名から郡名 - Statistics

General Stats
  • This quiz has been taken 31 times
  • The average score is 122 of 376
Answer Stats
No 都道府県 町村 % Correct
54 北海道 新ひだか町 日高郡
69%
267 和歌山県 美浜町・日高町・由良町・印南町・みなべ町・日高川町 日高郡
69%
2 北海道 松前町・福島町 松前郡
63%
11 北海道 今金町 瀬棚郡
56%
35 北海道 遠別町・天塩町 天塩郡
56%
38 北海道 豊富町・幌延町 天塩郡
56%
62 北海道 釧路町 釧路郡
56%
68 北海道 中標津町・標津町 標津郡
56%
263 奈良県 吉野町・大淀町・下市町・黒滝村・天川村・野迫川村・十津川村・下北山村・上北山村・川上村・東吉野村 吉野郡
56%
302 徳島県 那賀町 那賀郡
56%
1 北海道 当別町・新篠津村 石狩郡
50%
3 北海道 知内町・木古内町 上磯郡
50%
5 北海道 鹿部町・森町 茅部郡
50%
10 北海道 奥尻町 奥尻郡
50%
13 北海道 島牧村 島牧郡
50%
14 北海道 寿都町・黒松内町 寿都郡
50%
19 北海道 積丹町 積丹郡
50%
20 北海道 古平町 古平郡
50%
21 北海道 仁木町・余市町・赤井川村 余市郡
50%
25 北海道 妹背牛町・秩父別町・雨竜町・北竜町・沼田町 雨竜郡
50%
26 北海道 鷹栖町・東神楽町・当麻町・比布町・愛別町・上川町・東川町・美瑛町 上川郡(石狩)
50%
29 北海道 和寒町・剣淵町・下川町 上川郡(天塩)
50%
30 北海道 美深町・音威子府村・中川町 中川郡(天塩)
50%
31 北海道 幌加内町 雨竜郡
50%
32 北海道 増毛町 増毛郡
50%
34 北海道 苫前町・羽幌町・初山別村 苫前郡
50%
37 北海道 浜頓別町・中頓別町・枝幸町 枝幸郡
50%
39 北海道 礼文町 礼文郡
50%
40 北海道 利尻町・利尻富士町 利尻郡
50%
42 北海道 斜里町・清里町・小清水町 斜里郡
50%
44 北海道 遠軽町・湧別町・滝上町・興部町・西興部村・雄武町 紋別郡
50%
47 北海道 白老町 白老郡
50%
50 北海道 新冠町 新冠郡
50%
51 北海道 浦河町 浦河郡
50%
56 北海道 新得町・清水町 上川郡(十勝)
50%
58 北海道 大樹町・広尾町 広尾郡
50%
59 北海道 幕別町・池田町・豊頃町・本別町 中川郡(十勝)
50%
60 北海道 足寄町・陸別町 足寄郡
50%
76 青森県 大間町・東通村・風間浦村・佐井村 下北郡
50%
78 岩手県 雫石町・葛巻町・岩手町 岩手郡
50%
91 宮城県 亘理町・山元町 亘理郡
50%
121 福島県 石川町・玉川村・平田村・浅川町・古殿町 石川郡
50%
124 福島県 新地町・飯舘村 相馬郡
50%
147 埼玉県 横瀬町・皆野町・長瀞町・小鹿野町・東秩父村 秩父郡
50%
169 新潟県 出雲崎町 三島郡
50%
196 長野県 下諏訪町・富士見町・原村 諏訪郡
50%
199 長野県 上松町・南木曽町・木祖村・王滝村・大桑村・木曽町 木曽郡
50%
244 大阪府 島本町 三島郡
50%
247 大阪府 熊取町・田尻町・岬町 泉南郡
50%
290 広島県 府中町・海田町・熊野町・坂町 安芸郡
50%
319 高知県 東洋町・奈半利町・田野町・安田町・北川村・馬路村・芸西村 安芸郡
50%
4 北海道 七飯町 亀田郡
44%
7 北海道 長万部町 山越郡
44%
16 北海道 ニセコ町・真狩村・留寿都村・喜茂別町・京極町・倶知安町 虻田郡
44%
17 北海道 共和町・岩内町 岩内郡
44%
22 北海道 南幌町・奈井江町・上砂川町 空知郡
44%
27 北海道 上富良野町・中富良野町・南富良野町 空知郡
44%
33 北海道 小平町 留萌郡
44%
41 北海道 美幌町・津別町・大空町 網走郡
44%
45 北海道 豊浦町・洞爺湖町 虻田郡
44%
49 北海道 日高町・平取町 沙流郡
44%
52 北海道 様似町 様似郡
44%
53 北海道 えりも町 幌泉郡
44%
55 北海道 音更町・士幌町・上士幌町・鹿追町 河東郡
44%
57 北海道 芽室町・中札内村・更別村 河西郡
44%
63 北海道 厚岸町・浜中町 厚岸郡
44%
65 北海道 鶴居村 阿寒郡
44%
66 北海道 白糠町 白糠郡
44%
67 北海道 別海町 野付郡
44%
70 青森県 平内町・今別町・蓬田村・外ヶ浜町 東津軽郡
44%
71 青森県 鰺ヶ沢町・深浦町 西津軽郡
44%
72 青森県 西目屋村 中津軽郡
44%
73 青森県 藤崎町・大鰐町・田舎館村 南津軽郡
44%
74 青森県 板柳町・鶴田町・中泊町 北津軽郡
44%
75 青森県 野辺地町・七戸町・六戸町・横浜町・東北町・六ヶ所村・おいらせ町 上北郡
44%
77 青森県 三戸町・五戸町・田子町・南部町・階上町・新郷村 三戸郡
44%
79 岩手県 紫波町・矢巾町 紫波郡
44%
80 岩手県 西和賀町 和賀郡
44%
83 岩手県 住田町 気仙郡
44%
89 宮城県 大河原町・村田町・柴田町・川崎町 柴田郡
44%
94 宮城県 色麻町・加美町 加美郡
44%
102 秋田県 美郷町 仙北郡
44%
107 山形県 金山町・最上町・舟形町・真室川町・大蔵村・鮭川村・戸沢村 最上郡
44%
119 福島県 西郷村・泉崎村・中島村・矢吹町 西白河郡
44%
123 福島県 広野町・楢葉町・富岡町・川内村・大熊町・双葉町・浪江町・葛尾村 双葉郡
44%
132 栃木県 上三川町 河内郡
44%
136 栃木県 那須町・那珂川町 那須郡
44%
140 群馬県 中之条町・長野原町・嬬恋村・草津町・高山村・東吾妻町 吾妻郡
44%
141 群馬県 片品村・川場村・昭和村・みなかみ町 利根郡
44%
158 東京都 瑞穂町・日の出町・檜原村・奥多摩町 西多摩郡
44%
197 長野県 辰野町・箕輪町・飯島町・南箕輪村・中川村・宮田村 上伊那郡
44%
198 長野県 松川町・高森町・阿南町・阿智村・平谷村・根羽村・下條村・売木村・天龍村・泰阜村・喬木村・豊丘村・大鹿村 下伊那郡
44%
208 岐阜県 養老町 養老郡
44%
211 岐阜県 揖斐川町・大野町・池田町 揖斐郡
44%
225 愛知県 阿久比町・東浦町・南知多町・美浜町・武豊町 知多郡
44%
228 三重県 木曽岬町 桑名郡
44%
245 大阪府 豊能町・能勢町 豊能郡
44%
266 和歌山県 湯浅町・広川町・有田川町 有田郡
44%
268 和歌山県 白浜町・上富田町・すさみ町 西牟婁郡
44%
269 和歌山県 那智勝浦町・太地町・古座川町・北山村・串本町 東牟婁郡
44%
274 鳥取県 日南町・日野町・江府町 日野郡
44%
295 山口県 周防大島町 大島郡
44%
306 徳島県 東みよし町 三好郡
44%
321 高知県 土佐町・大川村 土佐郡
44%
336 佐賀県 吉野ヶ里町 神埼郡
44%
337 佐賀県 基山町・上峰町・みやき町 三養基郡
44%
349 熊本県 南小国町・小国町・産山村・高森町・西原村・南阿蘇村 阿蘇郡
44%
371 鹿児島県 大和村・宇検村・瀬戸内町・龍郷町・喜界町・徳之島町・天城町・伊仙町・和泊町・知名町・与論町 大島郡
44%
6 北海道 八雲町 二海郡
38%
8 北海道 江差町・上ノ国町・厚沢部町 檜山郡
38%
23 北海道 由仁町・長沼町・栗山町 夕張郡
38%
28 北海道 占冠村 勇払郡
38%
36 北海道 猿払村 宗谷郡
38%
48 北海道 厚真町・安平町・むかわ町 勇払郡
38%
61 北海道 浦幌町 十勝郡
38%
84 岩手県 大槌町 上閉伊郡
38%
85 岩手県 山田町・岩泉町・田野畑村・普代村 下閉伊郡
38%
86 岩手県 軽米町・野田村・九戸村・洋野町 九戸郡
38%
88 宮城県 蔵王町・七ヶ宿町 刈田郡
38%
92 宮城県 松島町・七ヶ浜町・利府町 宮城郡
38%
99 秋田県 上小阿仁村 北秋田郡
38%
104 山形県 山辺町・中山町 東村山郡
38%
105 山形県 河北町・西川町・朝日町・大江町 西村山郡
38%
106 山形県 大石田町 北村山郡
38%
108 山形県 高畠町・川西町 東置賜郡
38%
109 山形県 小国町・白鷹町・飯豊町 西置賜郡
38%
115 福島県 下郷町・檜枝岐村・只見町・南会津町 南会津郡
38%
117 福島県 会津坂下町・湯川村・柳津町 河沼郡
38%
120 福島県 棚倉町・矢祭町・塙町・鮫川村 東白川郡
38%
126 茨城県 東海村 那珂郡
38%
127 茨城県 大子町 久慈郡
38%
143 群馬県 板倉町・明和町・千代田町・大泉町・邑楽町 邑楽郡
38%
151 埼玉県 杉戸町・松伏町 北葛飾郡
38%
155 千葉県 一宮町・睦沢町・長生村・白子町・長柄町・長南町 長生郡
38%
159 神奈川県 葉山町 三浦郡
38%
161 神奈川県 大磯町・二宮町 中郡
38%
177 石川県 津幡町・内灘町 河北郡
38%
178 石川県 志賀町・宝達志水町 羽咋郡
38%
209 岐阜県 垂井町・関ケ原町 不破郡
38%
216 静岡県 東伊豆町・河津町・南伊豆町・松崎町・西伊豆町 賀茂郡
38%
218 静岡県 清水町・長泉町・小山町 駿東郡
38%
221 愛知県 東郷町 愛知郡
38%
224 愛知県 大治町・蟹江町・飛島村 海部郡
38%
229 三重県 東員町 員弁郡
38%
230 三重県 菰野町・朝日町・川越町 三重郡
38%
231 三重県 多気町・明和町・大台町 多気郡
38%
232 三重県 玉城町・度会町・大紀町・南伊勢町 度会郡
38%
234 三重県 御浜町・紀宝町 南牟婁郡
38%
236 滋賀県 愛荘町 愛知郡
38%
246 大阪府 忠岡町 泉北郡
38%
258 奈良県 平群町・三郷町・斑鳩町・安堵町 生駒郡
38%
271 鳥取県 若桜町・智頭町・八頭町 八頭郡
38%
279 島根県 海士町・西ノ島町・知夫村・隠岐の島町 隠岐郡
38%
280 岡山県 和気町 和気郡
38%
284 岡山県 新庄村 真庭郡
38%
293 広島県 世羅町 世羅郡
38%
303 徳島県 牟岐町・美波町・海陽町 海部郡
38%
304 徳島県 松茂町・北島町・藍住町・板野町・上板町 板野郡
38%
307 香川県 土庄町・小豆島町 小豆郡
38%
334 福岡県 苅田町・みやこ町 京都郡
38%
342 長崎県 長与町・時津町 西彼杵郡
38%
343 長崎県 東彼杵町・川棚町・波佐見町 東彼杵郡
38%
353 熊本県 錦町・多良木町・湯前町・水上村・相良村・五木村・山江村・球磨村・あさぎり町 球磨郡
38%
372 沖縄県 国頭村・大宜味村・東村・今帰仁村・本部町・恩納村・宜野座村・金武町・伊江村 国頭郡
38%
374 沖縄県 与那原町・南風原町・渡嘉敷村・座間味村・粟国村・渡名喜村・南大東村・北大東村・伊平屋村・伊是名村・久米島町・八重瀬町 島尻郡
38%
375 沖縄県 多良間村 宮古郡
38%
15 北海道 蘭越町 磯谷郡
31%
18 北海道 泊村・神恵内村 古宇郡
31%
46 北海道 壮瞥町 有珠郡
31%
64 北海道 標茶町・弟子屈町 川上郡
31%
69 北海道 羅臼町 目梨郡
31%
87 岩手県 一戸町 二戸郡
31%
90 宮城県 丸森町 伊具郡
31%
93 宮城県 大和町・大郷町・大衡村 黒川郡
31%
96 宮城県 女川町 牡鹿郡
31%
97 宮城県 南三陸町 本吉郡
31%
98 秋田県 小坂町 鹿角郡
31%
100 秋田県 藤里町・三種町・八峰町 山本郡
31%
101 秋田県 五城目町・八郎潟町・井川町・大潟村 南秋田郡
31%
112 福島県 桑折町・国見町・川俣町 伊達郡
31%
113 福島県 大玉村 安達郡
31%
122 福島県 三春町・小野町 田村郡
31%
125 茨城県 茨城町・大洗町・城里町 東茨城郡
31%
128 茨城県 美浦村・阿見町・河内町 稲敷郡
31%
133 栃木県 益子町・茂木町・市貝町・芳賀町 芳賀郡
31%
135 栃木県 塩谷町・高根沢町 塩谷郡
31%
139 群馬県 下仁田町・南牧村・甘楽町 甘楽郡
31%
146 埼玉県 滑川町・嵐山町・小川町・川島町・吉見町・鳩山町・ときがわ町 比企郡
31%
150 埼玉県 宮代町 南埼玉郡
31%
152 千葉県 酒々井町・栄町 印旛郡
31%
153 千葉県 神崎町・多古町・東庄町 香取郡
31%
156 千葉県 大多喜町・御宿町 夷隅郡
31%
157 千葉県 鋸南町 安房郡
31%
162 神奈川県 中井町・大井町・松田町・山北町・開成町 足柄上郡
31%
163 神奈川県 箱根町・真鶴町・湯河原町 足柄下郡
31%
172 新潟県 刈羽村 刈羽郡
31%
180 石川県 穴水町・能登町 鳳珠郡
31%
186 福井県 高浜町・おおい町 大飯郡
31%
187 福井県 若狭町 三方上中郡
31%
191 山梨県 道志村・西桂町・忍野村・山中湖村・鳴沢村・富士河口湖町 南都留郡
31%
192 山梨県 小菅村・丹波山村 北都留郡
31%
193 長野県 小海町・川上村・南牧村・南相木村・北相木村・佐久穂町 南佐久郡
31%
194 長野県 軽井沢町・御代田町・立科町 北佐久郡
31%
207 岐阜県 岐南町・笠松町 羽島郡
31%
210 岐阜県 神戸町・輪之内町・安八町 安八郡
31%
212 岐阜県 北方町 本巣郡
31%
213 岐阜県 坂祝町・富加町・川辺町・七宗町・八百津町・白川町・東白川村 加茂郡
31%
215 岐阜県 白川村 大野郡
31%
233 三重県 紀北町 北牟婁郡
31%
243 京都府 伊根町・与謝野町 与謝郡
31%
248 大阪府 太子町・河南町・千早赤阪村 南河内郡
31%
250 兵庫県 多可町 多可郡
31%
262 奈良県 上牧町・王寺町・広陵町・河合町 北葛城郡
31%
272 鳥取県 三朝町・湯梨浜町・琴浦町・北栄町 東伯郡
31%
273 鳥取県 日吉津村・大山町・南部町・伯耆町 西伯郡
31%
282 岡山県 里庄町 浅口郡
31%
299 徳島県 勝浦町・上勝町 勝浦郡
31%
305 徳島県 つるぎ町 美馬郡
31%
310 香川県 宇多津町・綾川町 綾歌郡
31%
326 福岡県 芦屋町・水巻町・岡垣町・遠賀町 遠賀郡
31%
333 福岡県 香春町・添田町・糸田町・川崎町・大任町・赤村・福智町 田川郡
31%
335 福岡県 吉富町・上毛町・築上町 築上郡
31%
338 佐賀県 玄海町 東松浦郡
31%
339 佐賀県 有田町 西松浦郡
31%
347 熊本県 玉東町・南関町・長洲町・和水町 玉名郡
31%
348 熊本県 大津町・菊陽町 菊池郡
31%
352 熊本県 芦北町・津奈木町 葦北郡
31%
365 鹿児島県 さつま町 薩摩郡
31%
376 沖縄県 竹富町・与那国町 八重山郡
31%
9 北海道 乙部町 爾志郡
25%
12 北海道 せたな町 久遠郡
25%
43 北海道 訓子府町・置戸町・佐呂間町 常呂郡
25%
81 岩手県 金ケ崎町 胆沢郡
25%
82 岩手県 平泉町 西磐井郡
25%
110 山形県 三川町・庄内町 東田川郡
25%
111 山形県 遊佐町 飽海郡
25%
118 福島県 三島町・金山町・昭和村・会津美里町 大沼郡
25%
130 茨城県 五霞町・境町 猿島郡
25%
144 埼玉県 伊奈町 北足立郡
25%
145 埼玉県 三芳町・毛呂山町・越生町 入間郡
25%
149 埼玉県 寄居町 大里郡
25%
154 千葉県 九十九里町・芝山町・横芝光町 山武郡
25%
160 神奈川県 寒川町 高座郡
25%
166 新潟県 弥彦村 西蒲原郡
25%
167 新潟県 田上町 南蒲原郡
25%
173 新潟県 関川村・粟島浦村 岩船郡
25%
175 富山県 入善町・朝日町 下新川郡
25%
176 石川県 川北町 能美郡
25%
182 福井県 池田町 今立郡
25%
183 福井県 南越前町 南条郡
25%
184 福井県 越前町 丹生郡
25%
185 福井県 美浜町 三方郡
25%
189 山梨県 早川町・身延町・南部町・富士川町 南巨摩郡
25%
200 長野県 麻績村・生坂村・山形村・朝日村・筑北村 東筑摩郡
25%
202 長野県 坂城町 埴科郡
25%
205 長野県 信濃町・小川村・飯綱町 上水内郡
25%
214 岐阜県 御嵩町 可児郡
25%
219 静岡県 吉田町・川根本町 榛原郡
25%
220 静岡県 森町 周智郡
25%
222 愛知県 豊山町 西春日井郡
25%
226 愛知県 幸田町 額田郡
25%
238 京都府 大山崎町 乙訓郡
25%
240 京都府 井手町・宇治田原町 綴喜郡
25%
252 兵庫県 市川町・福崎町・神河町 神崎郡
25%
255 兵庫県 佐用町 佐用郡
25%
260 奈良県 曽爾村・御杖村 宇陀郡
25%
264 和歌山県 紀美野町 海草郡
25%
270 鳥取県 岩美町 岩美郡
25%
277 島根県 川本町・美郷町・邑南町 邑智郡
25%
288 岡山県 久米南町・美咲町 久米郡
25%
291 広島県 安芸太田町・北広島町 山県郡
25%
294 広島県 神石高原町 神石郡
25%
297 山口県 上関町・田布施町・平生町 熊毛郡
25%
298 山口県 阿武町 阿武郡
25%
300 徳島県 佐那河内村 名東郡
25%
301 徳島県 石井町・神山町 名西郡
25%
309 香川県 直島町 香川郡
25%
312 愛媛県 上島町 越智郡
25%
314 愛媛県 松前町・砥部町 伊予郡
25%
325 福岡県 宇美町・篠栗町・志免町・須恵町・新宮町・久山町・粕屋町 糟屋郡
25%
327 福岡県 小竹町・鞍手町 鞍手郡
25%
328 福岡県 桂川町 嘉穂郡
25%
330 福岡県 大刀洗町 三井郡
25%
340 佐賀県 大町町・江北町・白石町 杵島郡
25%
344 長崎県 小値賀町・佐々町 北松浦郡
25%
345 長崎県 新上五島町 南松浦郡
25%
346 熊本県 美里町 下益城郡
25%
350 熊本県 御船町・嘉島町・益城町・甲佐町・山都町 上益城郡
25%
351 熊本県 氷川町 八代郡
25%
354 熊本県 苓北町 天草郡
25%
355 大分県 姫島村 東国東郡
25%
357 大分県 九重町・玖珠町 玖珠郡
25%
358 宮崎県 三股町 北諸県郡
25%
359 宮崎県 高原町 西諸県郡
25%
360 宮崎県 国富町・綾町 東諸県郡
25%
364 鹿児島県 三島村・十島村 鹿児島郡
25%
370 鹿児島県 中種子町・南種子町・屋久島町 熊毛郡
25%
373 沖縄県 読谷村・嘉手納町・北谷町・北中城村・中城村・西原町 中頭郡
25%
24 北海道 月形町・浦臼町・新十津川町 樺戸郡
19%
95 宮城県 涌谷町・美里町 遠田郡
19%
103 秋田県 羽後町・東成瀬村 雄勝郡
19%
114 福島県 鏡石町・天栄村 岩瀬郡
19%
116 福島県 北塩原村・西会津町・磐梯町・猪苗代町 耶麻郡
19%
134 栃木県 壬生町・野木町 下都賀郡
19%
148 埼玉県 美里町・神川町・上里町 児玉郡
19%
164 神奈川県 愛川町・清川村 愛甲郡
19%
165 新潟県 聖籠町 北蒲原郡
19%
168 新潟県 阿賀町 東蒲原郡
19%
174 富山県 舟橋村・上市町・立山町 中新川郡
19%
179 石川県 中能登町 鹿島郡
19%
181 福井県 永平寺町 吉田郡
19%
188 山梨県 市川三郷町 西八代郡
19%
190 山梨県 昭和町 中巨摩郡
19%
195 長野県 青木村・長和町 小県郡
19%
201 長野県 池田町・松川村・白馬村・小谷村 北安曇郡
19%
206 長野県 栄村 下水内郡
19%
217 静岡県 函南町 田方郡
19%
223 愛知県 大口町・扶桑町 丹羽郡
19%
227 愛知県 設楽町・東栄町・豊根村 北設楽郡
19%
239 京都府 久御山町 久世郡
19%
241 京都府 笠置町・和束町・精華町・南山城村 相楽郡
19%
251 兵庫県 稲美町・播磨町 加古郡
19%
254 兵庫県 上郡町 赤穂郡
19%
259 奈良県 川西町・三宅町・田原本町 磯城郡
19%
261 奈良県 高取町・明日香村 高市郡
19%
265 和歌山県 かつらぎ町・九度山町・高野町 伊都郡
19%
276 島根県 飯南町 飯石郡
19%
278 島根県 津和野町・吉賀町 鹿足郡
19%
286 岡山県 勝央町・奈義町 勝田郡
19%
292 広島県 大崎上島町 豊田郡
19%
311 香川県 琴平町・多度津町・まんのう町 仲多度郡
19%
316 愛媛県 伊方町 西宇和郡
19%
317 愛媛県 松野町・鬼北町 北宇和郡
19%
318 愛媛県 愛南町 南宇和郡
19%
323 高知県 中土佐町・佐川町・越知町・梼原町・日高村・津野町・四万十町 高岡郡
19%
324 高知県 大月町・三原村・黒潮町 幡多郡
19%
331 福岡県 大木町 三潴郡
19%
332 福岡県 広川町 八女郡
19%
341 佐賀県 太良町 藤津郡
19%
356 大分県 日出町 速見郡
19%
361 宮崎県 高鍋町・新富町・西米良村・木城町・川南町・都農町 児湯郡
19%
366 鹿児島県 長島町 出水郡
19%
367 鹿児島県 湧水町 姶良郡
19%
369 鹿児島県 東串良町・錦江町・南大隅町・肝付町 肝属郡
19%
129 茨城県 八千代町 結城郡
13%
131 茨城県 利根町 北相馬郡
13%
137 群馬県 榛東村・吉岡町 北群馬郡
13%
142 群馬県 玉村町 佐波郡
13%
170 新潟県 湯沢町 南魚沼郡
13%
171 新潟県 津南町 中魚沼郡
13%
237 滋賀県 豊郷町・甲良町・多賀町 犬上郡
13%
242 京都府 京丹波町 船井郡
13%
253 兵庫県 太子町 揖保郡
13%
256 兵庫県 香美町・新温泉町 美方郡
13%
257 奈良県 山添村 山辺郡
13%
275 島根県 奥出雲町 仁多郡
13%
283 岡山県 矢掛町 小田郡
13%
285 岡山県 鏡野町 苫田郡
13%
287 岡山県 西粟倉村 英田郡
13%
289 岡山県 吉備中央町 加賀郡
13%
313 愛媛県 久万高原町 上浮穴郡
13%
315 愛媛県 内子町 喜多郡
13%
320 高知県 本山町・大豊町 長岡郡
13%
322 高知県 いの町・仁淀川町 吾川郡
13%
329 福岡県 筑前町・東峰村 朝倉郡
13%
362 宮崎県 門川町・諸塚村・椎葉村・美郷町 東臼杵郡
13%
363 宮崎県 高千穂町・日之影町・五ヶ瀬町 西臼杵郡
13%
368 鹿児島県 大崎町 曽於郡
13%
138 群馬県 上野村・神流町 多野郡
6%
203 長野県 小布施町・高山村 上高井郡
6%
204 長野県 山ノ内町・木島平村・野沢温泉村 下高井郡
6%
235 滋賀県 日野町・竜王町 蒲生郡
6%
249 兵庫県 猪名川町 川辺郡
6%
281 岡山県 早島町 都窪郡
6%
296 山口県 和木町 玖珂郡
6%
308 香川県 三木町 木田郡
6%
No matching quizzes found
Score Distribution
Percent of People with Each Score
Percentile by Number Answered
Your Score History
You have not taken this quiz